| 000 | 00601nam a22001817a 4500 | ||
|---|---|---|---|
| 003 | PILC | ||
| 005 | 20150514122523.0 | ||
| 008 | 150514b xxu||||| |||| 00| 0 eng d | ||
| 020 | _a9789719535218 | ||
| 020 | _a9789719535225 | ||
| 050 |
_aJQ 1410 _b.R175 2013 |
||
| 100 | _aRamos, Fidel V. | ||
| 245 |
_aNation-building is never-ending / _cFidel V. Ramos. |
||
| 260 |
_a[Manila, Philippines] : _bRamos Peace and Development Foundation, Inc., _c2013. |
||
| 300 |
_a279 pages : _billustrations (some colors) ; _c23 cm. |
||
| 650 |
_aPhilippines _xPolitics and government _y1986. |
||
| 942 |
_2lcc _cBK _kFIL |
||
| 999 |
_c283985 _d283985 |
||